000 00344nam a22001457a 4500
008 231124b ||||| |||| 00| 0 eng d
020 _a9780465027859
041 _aeng
080 _a618
082 _a618GRE
100 _a15
101 _aGJINEK
245 _aWHY WOMEN ARE EMBRACING TH ENEW LATER MOTHERHOOD
_cGREGORY .E
942 _2udc
_cBK
999 _c60517
_d60517